000 00702nam a2200241 i 4500
001 C2-0238537
003 PPAK
005 20180727201610.0
008 020421s2000 nyua|||| ||||| | eng d
020 _a0743217799
040 _aPPAK
_beng
_cPPAK
_erda
082 0 4 _a955.0504
_223
090 0 0 _a955.0504
_bSCI
_dG
100 1 _aSciolino, Elaine,
_eauthor
245 1 0 _aPersian mirrors
_bThe elusive face of Iran
264 1 _aNew York :
_bA Touchstone Book ,
_c2000
300 _a402 pages :
_billustrations ;
_c22 cm
336 _2rdacontent
_atext
337 _2rdamedia
_aunmediated
338 _2rdacarrier
_avolume
650 1 0 _aIran - Political and government - 1979-1997
942 _ddc
_cB
999 _c53883
_d53883